Teoría del cielo
Bacón desarrolla en este libro una teoría acerca del universo, ajustándose, según él, a una revisión del “estado de la cuestión”, no obstante, proyectando la aplicación de su método inductivo. Los temas que se desarrollan son de interés físico y astronómico. Primeramente se encarga de describir y ex...
Збережено в:
| Автор: | |
|---|---|
| Формат: | Книга |
| Мова: | Undetermined |
| Опубліковано: |
Madrid, España
Editorial Tecnos
1998
|
| Редагування: | 2 |
| Предмети: | |
| Теги: |
Додати тег
Немає тегів, Будьте першим, хто поставить тег для цього запису!
|
MARC
| LEADER | 00000nam a2200000Ia 4500 | ||
|---|---|---|---|
| 008 | 170316s9999 xx 000 0 und d | ||
| 040 | |a cru BVZT | ||
| 090 | |a 100 B-2t | ||
| 100 | |a Bacon, Francis |9 1158 | ||
| 245 | |a Teoría del cielo |c / Francis Bacon | ||
| 250 | |a 2 | ||
| 260 | |a Madrid, España |b Editorial Tecnos |c 1998 | ||
| 300 | |a 111 páginas | ||
| 520 | |a Bacón desarrolla en este libro una teoría acerca del universo, ajustándose, según él, a una revisión del “estado de la cuestión”, no obstante, proyectando la aplicación de su método inductivo. Los temas que se desarrollan son de interés físico y astronómico. Primeramente se encarga de describir y explicar la materia de los cuerpos celestes, su constitución y su movimiento. Seguidamente, despliega su teoría acerca del movimiento como ta | ||
| 650 | |a FILOSOFÍA |9 5 | ||
| 999 | |c 15692 |d 15692 | ||
| 942 | |c LIB |h 100 B-2t |2 z | ||
